Estadísticas para Las 500 canciones más vistas de Youtube. (Hasta Enero de 2024)

Haz click aquí para intentar la prueba.

Estadísticas generales

  • Esta prueba ha sido intentada 61 veces
  • La puntuación promedio es 71 de 500

Estadísticas de respuestas

VisitasAutorTopCanción% Correcto
8,351,396,535Luis Fonsi Ft. Daddy Yankee1Despacito
100%
6,172,927,923Ed Sheeran2Shape of you
86%
3,076,711,526Justin Bieber Ft. Ludacris25Baby
83%
6,138,658,851Wiz Khalifa Ft. Charlie Puth3See you again
71%
3,491,228,031Enrique Iglesias Ft. Gente De Zona19Bailando
60%
3,946,691,298OneRepublic7Counting Stars
60%
3,637,627,288Ed Sheeran13Perfect
60%
3,118,622,577Adele23Hello
57%
5,122,995,372Mark Ronson Ft. Bruno Mars4Uptown Funk
57%
3,987,351,520Maroon 56Sugar
55%
5,010,313,404PSY5Gangnam Style
50%
1,243,863,716Pharell Williams251Happy
50%
1,650,679,869Carlos Vives Ft. Shakira131La Bicicleta
50%
3,935,598,478Katy Perry8Roar
50%
3,755,265,883Justin Bieber10Sorry
50%
3,542,759,009Maroon 5 Ft. Cardi B17Girls Like You
48%
3,822,456,511Shakira Ft. Freshlyground9Waka Waka
48%
1,563,116,651Gente De Zona Ft. Marc Anthony154La Gozadera
45%
956,893,627Michael Jackson425Thriller
45%
3,340,588,959Taylor Swift21Blank Space
43%
2,136,748,005Rosalía Ft. J Balvin & El Guincho70Con Altura
43%
2,550,348,869Natti Natasha Ft. Ozuna40Criminal
43%
3,654,964,688Katy Perry Ft. Juicy J12Dark Horse
43%
3,586,319,069Passenger15Let Her Go
43%
2,376,469,553Becky G Ft. Bad Bunny48Mayores
43%
2,165,911,878Becky G Ft. Natti Natasha66Sin Pijama
43%
1,081,410,497David Guetta Ft. Vassy & Showtek327Bad
40%
2,667,730,497Sia37Chandelier
40%
2,918,247,599Shakira Ft. Maluma28Chantaje
40%
2,320,012,130Luis Fonsi Ft. Demi Lovato54Échame La Culpa
40%
3,525,851,130Major Lazer & DJ Snake Ft. MO18Lean On
40%
2,988,410,210Dua Lipa27New Rules
40%
2,426,511,230Adele44Rolling In The Deep
40%
2,531,438,150DJ Snake Ft. Selena Gomez, Ozuna, Cardi B41Taki Taki
40%
881,760,491Coldplay499Viva La Vida
40%
2,109,156,724Anuel AA Ft. Daddy Yankee, Ozuna, Karol G, J Balvin74China
38%
2,772,330,701Daddy Yankee Ft. Snow33Con Calma
38%
994,716,301Ozuna393El Farsante
38%
3,311,370,557J Balvin Ft. Willy William22Mi Gente
38%
2,089,761,299Romeo Santos75Propuesta Indecente
38%
3,386,271,008Taylor Swift20Shake It Off
38%
1,693,204,351Martin Garrix123Animals
36%
896,430,082Maroon 5479Animals
36%
2,573,366,310Imagine Dragons39Believer
36%
3,570,370,234Alan Walker16Faded
36%
1,724,843,647Justin Bieber118Love Yourself
36%
1,878,395,281Danny Ocean95Me Rehúso
36%
2,247,273,011Jennifer Lopez Ft. Pitbull58On The Floor
36%
1,652,128,712Shawn Mendes Ft. Camila Cabello130Señorita
36%
1,383,356,684Rihanna Ft. Drake206Work
36%
2,344,796,401John Legend51All Of Me
33%
2,135,155,790Adele71Someone Like You
33%
2,082,639,387Imagine Dragons78Thunder
33%
3,105,974,986Charlie Puth Ft. Selena Gomez24We Don't Talk Anymore
33%
1,360,467,494Alan Walker212Alone
31%
2,462,949,395Marshmello42Alone
31%
1,727,177,174Queen117Bohemian Rhapsody
31%
1,875,461,822Maluma96Felices Los 4
31%
1,453,302,835Katy Perry186Firework
31%
1,369,842,733Shakira Ft. Wyclef Jean209Hips Don't Lie
31%
1,460,553,754Anuel AA Ft. Karol G182Secreto
31%
925,662,999Avicii450The Nights
31%
3,714,564,522Ed Sheeran11Thinking Out Loud
31%
990,800,842Rihanna Ft. Jay-Z395Umbrella
31%
2,202,302,995Nicky Jam Ft. J Balvin63X
31%
1,005,495,066Coldplay386Yellow
31%
1,587,660,281Carly Rae Jepsen146Call Me Maybe
29%
3,005,301,613The Chainsmokers Ft. Halsey26Closer
29%
1,483,428,619Bad Bunny Ft. Drake175Mia
29%
1,818,571,100Coldplay104Paradise
29%
2,224,474,535The Chainsmokers Ft. Coldplay61Something Just Like This
29%
1,406,978,697Enrique Iglesias Ft. Zion & Lennox169Súbeme La Radio
29%
2,688,574,067Bruno Mars36The Lazy Song
29%
1,354,859,078Ariana Grande2137 Rings
26%
1,248,967,445Paulo Londra248Adan Y Eva
26%
1,268,879,071Billie Eilish242Bad Guy
26%
1,969,284,009Jessie J Ft. Ariana Grande & Nicki Minaj87Bang Bang
26%
1,455,013,554Don Omar Ft. Lucenzo185Danza Kuduro
26%
1,110,018,213Imagine Dragons316Demons
26%
2,280,204,785Rihanna56Diamonds
26%
1,593,641,775Cardi B Ft. Bad Bunny & J Balvin142I Like It
26%
2,320,648,649Ellie Goulding53Love Me Like You Do
26%
2,730,962,329Eminem Ft. Rihanna34Love The Way You Lie
26%
1,284,381,499Paulo Londra Ft. Lenny Tavarez237Nena Maldición
26%
1,480,087,529Imagine Dragons178Radioactive
26%
1,579,554,891Shawn Mendes149Stitches
26%
2,425,385,515Casper Ft. Nio García, Darell, Nicky Jam, Ozuna, Bad Bunny46Te Boté REMIX
26%
1,189,548,740Miley Cyrus275Wrecking Ball
26%
1,665,309,582Maluma Ft. Nego Do Borel128Corazón
24%
1,406,723,528Bad Bunny Ft. Jhay Córtez197Dákiti
24%
1,782,153,291BTS110Dynamite
24%
1,155,409,781Marshmello Ft. Batille290Happier
24%
1,983,636,475Camila Cabello Ft. Young Thug82Havana
24%
1,384,968,462Dj Snake Ft. Justin Bieber204Let Me Love You
24%
1,209,444,577Lil Nas X Ft. Billy Ray Cyrus261Old Town Road
24%
2,448,147,051MAGIC!43Rude
24%
1,578,020,215Lady Gaga Ft. Bradley Cooper150Shallow
24%
2,183,685,135Ariana Grande Ft. Nicki Minaj64Side To Side
24%
2,365,666,419The Weeknkd Ft. Daft Punk49Starboy
24%
1,120,761,270Rihanna Ft. Mikky Ekko311Stay
24%
2,327,691,055Avicii52Wake Me Up
24%
2,247,905,616Justin Bieber57What Do You Mean?
24%
2,382,574,942Christina Perri47A Thousand Years
21%
1,592,107,442Taylor Swift Ft. Kenrick Lamar143Bad Blood
21%
1,405,517,631Aqua198Barbie Girl
21%
2,832,027,029Pedro Capó Ft. Farruko30Calma REMIX
21%
1,380,582,484The Weeknd207Can't Feel My Face
21%
2,086,157,552TONES AND I77Dance Monkey
21%
1,153,285,919Marshmello Ft. Anne-Marie293Friends
21%
1,539,990,481Drake161God's Plan
21%
1,175,041,091Bruno Mars282Grenade
21%
1,194,385,724ZAYN270Pillowtalk
21%
1,397,257,246Ariana Grande Ft. Iggy Azalea199Problem
21%
1,391,382,613Eminem202Rap God
21%
1,772,629,954CNCO112Reggaetón Lento
21%
2,885,874,352Clean Bandit Ft. Sean Paul & Anne Marie29Rockabye
21%
1,145,736,762Post Malone Ft. 21 Savage297Rockstar
21%
2,283,925,404Post Malone Ft. Swae Lee55Sunflower
21%
922,221,534Eminem Ft. Rihanna452The Monster
21%
1,360,510,970Bruno Mars211When I Was Your Man
21%
1,479,206,475Lukas Graham1797 Years
19%
1,111,954,283Bad Bunny315Amorfoda
19%
1,464,203,5266ix9ine Ft. Anuel AA181BEBE
19%
1,520,390,052Michael Jackson165Billie Jean
19%
1,185,131,286Ariana Grande Ft. Zedd276Break Free
19%
1,573,380,995Ellie Goulding151Burn
19%
1,294,428,910OMI235Cheerleader
19%
1,085,423,904Maluma Ft. Noriel, Bryant Myers325Cuatro Babys
19%
1,594,162,670PSY141Gentleman
19%
1,821,903,821Rag'n'Bone Man103Human
19%
1,337,046,888Daddy Yankee220Limbo
19%
1,452,845,527Taylor Swift187Look What You Made Me Do
19%
1,040,031,390Akon352Lovely
19%
1,970,508,245Billie Eilish Ft. Khalid85Lovely
19%
953,266,654LISA428MONEY
19%
1,164,793,314Justin Bieber Ft. Jaden Smith288Never Say Never
19%
1,486,053,160Thalía Ft. Natti Natasha174No Me Acuerdo
19%
912,079,048Calvin Harris Ft. Dua Lipa461One Kiss
19%
2,800,436,933Twenty One Pilots31Stressed Out
19%
1,123,934,719Paulo Londra307Tal Vez
19%
1,464,303,531Pitbull Ft. Ke$ha180Timber
19%
938,920,637Karol G Ft. Shakira440TQG
19%
2,426,250,122Shawn Mendes45Treat You Better
19%
1,482,763,721Karol G Ft. Nicki Minaj176Tusa
19%
1,545,370,559Taylor Swift159You Belong With Me
19%
1,639,459,236Bruno Mars13424K Magic
17%
1,122,828,204Nicki Minaj308Anaconda
17%
1,558,069,342Charlie Puth157Attention
17%
1,774,595,905Lady Gaga111Bad Romance
17%
1,057,962,097Macklemore Ft. Ryan Lewis342Can't Hold Us
17%
1,850,339,259Sia Ft. Sean Paul99Cheap Thrills
17%
1,199,748,846Katy Perry265Hot N Cold
17%
2,001,187,902Coldplay81Hymn For The Weekend
17%
1,342,065,487Bon Jovi216It's My Life
17%
886,705,123Jay Wheeler Ft. Myke Towers492La Curiosidad
17%
1,494,828,652Katy Perry171Last Friday Night
17%
1,338,691,558Eminem219Lose Yourself
17%
1,191,895,691Justin Timberlake272Mirrors
17%
2,179,323.651Jhay Cortez Ft. J Balvin & Bad Bunny65No Me Conoce REMIX
17%
1,352,720,540Ed Sheeran214Photograph
17%
1,260,163,433Lady Gaga245Poker Face
17%
1,460,133,123Twenty One Pilots183Ride
17%
1,235,823,754XXXTENTACION253SAD!
17%
951,380,563Beyoncé432Single Ladies
17%
1,195,088,724Sam Smith269Stay With Me
17%
1,853,830,732a-ha98Take On Me
17%
1,198,827,839Europe266The Final Countdown
17%
2,726,876,770Calvin Harris Ft. Rihanna35This Is What You Came For
17%
1,113,448,423Fun Ft. Janelle Monáe314We Are Young
17%
1,487,749,265One Direction173What Makes You Beautiful
17%
1,837,095,748Eminem100Without Me
17%
1,482,206,570The Cranberries177Zombie
17%
1,099,389,209Tainy Ft. Anuel AA & Ozuna319Adicto
14%
927,836,345Wisin Ft. Jennifer Lopez & Ricky Martin448Adrenalina
14%
953,447,334Toto427Africa
14%
1,153,896,632Michel Teló292Ai Se Eu Te Pego
14%
2,605,988,300Meghan Trainor38All About That Bass
14%
890,301,337Coldplay485A Sky Full Of Stars
14%
1,047,757,950Amy Winehouse348Back To Black
14%
1,214,944,247Sean Kingston258Beautiful Girls
14%
936,388,606BTS441Butter
14%
1,096,766,358Bad Bunny322Callaíta
14%
1,051,795,578Major Lazer Ft. Justin Bieber & MO346Cold Water
14%
1,445,394,462Prynce Royce189Darte Un Beso
14%
1,703,380,086Ozuna120
Se Preparó
14%
2,034,124,330The Chainsmokers Ft. Daya80Don't Let Me Down
14%
2,088,232,049ZAYN Ft. Sia76Dusk Till Down
14%
1,495,954,541Beyoncé170Halo
14%
1,173,065,692The Weeknd Ft. Daft Punk286I Feel It Coming
14%
1,342,002,301Backstreet Boys218I Want It That Way
14%
1,679,373,277P!nk Ft. Nate Ruess125Just Give Me A Reason
14%
1,305,371,763Ricky Martin Ft. Yotuel232La Mordidita
14%
1,049,121,166Bruno Mars347Locked Out Of Heaven
14%
1,323,532,629LP225Lost On You
14%
1,234,950,475Sean Paul Ft. Dua Lipa254No Lie
14%
2,153,839,482Linkin Park68Numb
14%
2,355,418,148LMFAO Ft. Lauren Bennett & GoonRock50Party Rock Anthem
14%
1,340,458,844Joey Montana217Picky
14%
1,191,049,446Harry Styles274Sign Of The Times
14%
951,482,758Lunay Ft. Daddy Yankee & Bad Bunny431Soltera REMIX
14%
2,205,828,198Gotye Ft. Kimbra62Somebody That I Used To Know
14%
1,000,287,066One Direction389Story Of My Life
14%
1,637,033,659Calvin Harris135Summer
14%
2,063,693,668The Weeknd79The Hills
14%
1,802,623,489David Guetta Ft. Sia106Titanium
14%
1,448,650,469Arcángel Ft. Bad Bunny188Tu No Vive Asi
14%
1,788,194,636MTZ Manuel Turizo108Una Lady Como Tú
14%
1,883,185,986Ricky Martin Ft. Maluma94Vente Pa' Ca
14%
1,198,528,197Marc Anthony267Vivir Mi Vida
14%
981,607,027Jason Derulo Ft. Snoop Dogg404Wiggle
14%
912,318,748Taylor Swift459Wildest Dreams
14%
2,796,413,783Fifth Harmony Ft. Ty Dolla $ign32Work From Home
14%
2,238,151,534Fifth Harmony Ft. Kid Ink60Worth It
14%
1,214,802,263J Balvin Ft. Farruko2596 AM
12%
1,396,870,179Chris Jeday Ft. J Balvin, Ozuna, Arcángel200Ahora Dice
12%
1,033,005,560Karol G Ft. Bad Bunny360Ahora Me Llama
12%
899,536,613Britney Spears476Baby One More Time
12%
1,086,775,967Justin Bieber Ft. Nicki Minaj324Beauty And A Beat
12%
1,283,036,597Karol G239Bichota
12%
1,174,381,125Maluma283Borro Cassette
12%
1,310,505,740Evanescene228Bring Me To Life
12%
919,626,02850 Cent Ft. Olivia454Candy Shop
12%
1,307,795,593Shakira Ft. Rihanna229Can't Remember To Forget You
12%
952,185,809Radiohead430Creep
12%
961,210,012Swedish House Mafia Ft. John Martin420Don't You Worry Child
12%
1,432,436,543Nicky Jam192El Amante
12%
1,223,095,544The Police256Every Breath You Take
12%
1,173,773,012Lil Pump285Gucci Gang
12%
2,131,075,800Twenty One Pilots72Heathens
12%
1,630,257,901David Guetta Ft. Nicki Minaj, Bebe Rexha137Hey Mama
12%
1,765,426,200DJ Khaled Ft. Justin Bieber, Quavo114I'm The One
12%
1,536,105,559Whitney Houston162I Will Always Love You
12%
1,209,757,438R.E.M.260Losing My Religion
12%
1,025,464,055John Newman364Love Me Again
12%
995,523,841Maroon 5392Memories
12%
1,490,936,979Rick Astley172Never Gonna Give You Up
12%
1,064,657,867Black Eyed Peas Ft. J Balvin336Ritmo
12%
944,138,069Lorde437Royals
12%
1,140,207,910J Balvin Ft. Pharrell Williams, BIA & Sky301Safari
12%
919,715,400Bad Bunny Ft. Prince Royce & J Balvin453Sensualidad
12%
1,769,195,876Jason Derulo Ft. Nicki Minaj & Ty Dolla $ign113Swalla
12%
910,678,994Ava Max463Sweet But Psycho
12%
1,616,464,124Guns N' Roses139Sweet Child O' Mine
12%
1,174,151,581Coldplay284The Scientist
12%
903,635,880Childish Gambino474This Is America
12%
1,825,667,467Macklemore & Ryan Lewis Ft. Wanz102Thrift Shop
12%
1,104,077,879Rihanna Ft. Calvin Harris317We Found Love
12%
890,787,512Usher Ft. Lil Jon & Ludacris484Yeah!
12%
1,797,542,512Chino & Nacho Ft. Daddy Yankee107Andas En Mi Cabeza
10%
995,934,298AC/DC391Back In Black
10%
1,028,552,860Nacho Ft. Yandel & Bad Bunny362Bailáme REMIX
10%
1,016,460,527Michael Jackson374Beat It
10%
1,073,698,107Wolfine333Bella
10%
971,690,584Khalid410Better
10%
1,317,885,332Katy Perry Ft. Migos226Bon Appétit
10%
1,148,562,884J Balvin Ft. Jowell & Randy295Bonita
10%
1,115,939,081Red Hot Chili Peppers312Californication
10%
1,733,126,115Justin Timberlake116Can't Stop The Feeling
10%
1,567,361,244Post Malone Ft. Quavo152Congratulations
10%
900,803,659Becky G Ft. Paulo Londra475Cuando Te Besé
10%
1,956,815,670Piso 21 Ft. MTZ Manuel Turizo89Déjala Que Vuelva
10%
1,184,786,525Melendi Ft. Ha-Ash277Destino O Casualidad
10%
1,503,148,667Nelly Ft. Kelly Rowland168Dilemma
10%
1,058,409,711One Direction341Drag Me Down
10%
1,873,986,296Ozuna Ft. Romeo Santos97El Farsante REMIX
10%
1,147,476,378Iggy Azalea Ft. Charli XCX296Fancy
10%
1,044,632,660Maluma350Hawái
10%
1,961,376,99350 Cent88In Da Club
10%
1,690,015,826Linkin Park124In The End
10%
954,801,240Super Yei Ft. Myke Towers, Lenny Tavarez426La Forma En Que Me Miras
10%
1,241,613,003Naughty Boy Ft. Shakira252La La La
10%
1,306,229,014Shakira Ft. Carlinhos Brown231La La La
10%
1,139,293,536Bon Jovi303Livin' On A Prayer
10%
1,122,275,051XXXTENTACION309Moonlight
10%
933,744,816Rihanna445Only Girl
10%
965,179,130Miley Cyrus414Party In The U.S.A.
10%
1,037,200,609David Guetta Ft. Bebe Rexha & J Balvin356Say My Name
10%
1,637,611,141James Arthur136Say You Won't Let Go
10%
1,038,043,211will.i.am Ft. Britney Spears354Scream & Shout
10%
1,013,216,878LMFAO377Sexy And I Know It
10%
914,161,642Michael Jackson457Smooth Criminal
10%
1,004,866,200Clean Bandit Ft Demi Lovato387Solo
10%
989,930,530Jennie399Solo
10%
1,052,604,933Bad Bunny345Soy Peor
10%
2,241,620,435Bruno Mars59That's What I Like
10%
1,131,533,272Nicky Jam306Travesuras
10%
891,214,507Ozuna483Tu Foto
10%
1,141,027,096Avicii299Waiting For Love
10%
973,738,190Miley Cyrus408We Can't Stop
10%
1,140,456,659DJ Khaled Ft. Rihanna & Bryson Tiller300Wild Thoughts
10%
882,978,610Justin Bieber498Boyfriend
7%
1,738,766,185BTS Ft. Halsey115Boy With Luv
7%
1,154,190,780George Michael291Careless Whisper
7%
1,149,507,999Karol G Ft. Anuel AA294Culpables
7%
1,061,402,889Thalía Ft. Maluma339Desde Esa Noche
7%
948,230,162Aya Nakamura433Djadja
7%
1,563,267,266BTS153DNA
7%
1,606,104,910Artic Monkeys140Do I Wanna Know?
7%
1,115,860,373Enrique Iglesias Ft. Wisin313Duele El Corazón
7%
1,018,239,048Karol G Ft. Mariah Angeliq370El Makinon
7%
1,579,891,214Wisin Ft. Ozuna148Escápate Conmigo
7%
1,099,258,481Tove Lo320Habits
7%
1,581,568,716Nicky Jam147Hasta El Amanecer
7%
1,592,092,759Calvin Harris Ft. Disciples144How Deep Is Your Love
7%
1,435,088,843AronChupa Ft. Little Sis Nora190I'm An Albatraoz
7%
1,624,150,184Sam Smith138I'm Not The Only One
7%
1,032,271,545Ariana Grande361Into You
7%
1,162,433,772Bebe Rexha Ft. Florida Georgia Line289Meant To Be
7%
910,325,432Shakira464Me Enamoré
7%
1,073,592,854Reik Ft. Ozuna & Wisin334Me Niego
7%
1,179,967,882Ariana Grande280No Tears Left To Cry
7%
1,208,475,715MC Kevinho262Olha A Explosao
7%
1,021,919,060Stromae366Papaoutai
7%
1,057,045,232Cali & El Dandee Ft. Juan Magan344Por Fin Te Encontré
7%
909,821,756Karol G466Provenza
7%
1,011,113,161Foster The People380Pumped Up Kicks
7%
1,284,312,203Pitbull Ft. Marc Anthony238Rain Over Me
7%
1,704,649,428Carlos Vives Ft. Sebastian Yatra119Robarte Un Beso
7%
1,014,727,200Arcángel Ft. Sech376Sigues Con Él
7%
1,785,823,493Nirvana109Smells Like Teen Spirit
7%
934,696,194Milky Chance444Stolen Dance
7%
1,274,619,639Clean Bandit Ft. Zara Larsson241Symphony
7%
1,135,976,697Ylvis304The Fox
7%
1,005,549,105Katy Perry385The One That Got Away
7%
1,248,070,257Shawn Mendes249There's Nothing Holdin' Me Back
7%
1,384,161,540AC/DC205Thunderstruck
7%
1,678,317,208Alex Rose Ft. Raüw Alejandro, Cazzu, Lenny Tavarez, Lyanno126Toda REMIX
7%
1,456,165,899Sam Smith184Too Good At Goodbyes
7%
1,645,365,587French Montana Ft. Swae Lee132Unforgettable
7%
1,078,062,642Ozuna Ft. Manuel Turizo330Vaina Loca
7%
1,929,990,287Silentó91Watch Me
7%
932,333,170Pitbull Ft. Jennifer Lopez & Claudia Leitte447We Are One
7%
1,261,771,775Skrillex & Diplo Ft. Justin Bieber244Where Are Ü Now
7%
909,146,918Maluma46911 PM
5%
1,430,955,920Christian Nodal194Adiós Amor
5%
960,524,904Tainy Ft. J Balvin423Agua
5%
987,745,434Bon Jovi400Always
5%
1,979,114,899J Balvin84Ay Vamos
5%
935,029,348Skrillex Ft. Sirah443Bangarang
5%
1,012,370,370Little Mix378Black Magic
5%
1,121,687,410Cardi B310Bodak Yellow
5%
1,333,763,783System Of A Down222Chop Suey!
5%
1,021,516,416Jesse & Joy367¡Corre!
5%
976,395,024Mau & Ricky Ft. Manuel Turizo, Camilo407Desconocidos
5%
1,059,107,747No Doubt340Don't Speak
5%
1,947,311,040Daddy Yankee90Dura
5%
1,311,503,897Sia, Shia LaBeouf & Maddie Ziegler227Elastic Heart
5%
1,301,779,247Maluma233El Perdedor
5%
1,328,547,692Enrique Iglesias Ft. Marco Antonio Solis223El Perdedor
5%
1,195,779,966Romeo Santos268Eres Mia
5%
898,163,161Kygo Ft. Conrad Sewell477Firestone
5%
1,419,159,271Coolio Ft. L.V.195Gangsta's Paradise
5%
1,099,040,818Pitbull Ft. Ne-Yo, Afrojack & Nayer321Give Me Everything
5%
885,666,454Maluma494HP
5%
945,987,649Kendrick Lamar436HUMBLE
5%
888,441,753Blackpink Ft. Selena Gomez488Ice Cream
5%
1,145,704,757Dynoro & Gigi D' Agostino298In My Mind
5%
1,642,823,616Mike Posner Ft. Seeb133I Took A Pill In Ibiza REMIX
5%
1,909,993,088Bruno Mars93Just The Way You Are
5%
1,007,552,263R. City Ft. Adam Levine383Locked Away
5%
952,682,092Juice WRLD429Lucid Dreams
5%
1,334,029,421Metallica221Nothing Else Matters
5%
1,969,392,753Los Ángeles Azules Ft. Natalia Lafourcade86Nunca Es Suficiente
5%
1,281,157,915Zion & Lennox Ft. J Balvin240Otra Vez
5%
1,020,425,805Shakira Ft. Nicky Jam368Perro Fiel
5%
1,047,023,877Post Malone Ft. Ty Dolla $ign349Psycho
5%
1,434,469,004The Weeknd191Save Your Tears
5%
961,137,241Nelly Furtado421Say It Right
5%
1,694,213,915Daddy Yankee122Shaky Shaky
5%
1,175,800,882Travis Scott Ft. Drake281SICKO MODE
5%
1,018,509,015J Balvin Ft. Bad Bunny369Si Tu Novio Te Deja Sola
5%
1,370,589,727Israel "IZ" Kamakawiwo'ole208Somewhere Over The Rainbow
5%
1,390,596,451Dr. Dre Ft. Snoop Dogg203Still DRE
5%
1,011,723,932Nicki Minaj379Super Bass
5%
883,626,649Eurythmics Ft. Annie Lennox497Sweet Dreams
5%
979,976,414Don Omar405Taboo
5%
909,276,856Eminem467The Real Slim Shady
5%
1,043,681,397Hoobastank351The Reason
5%
1,038,690,855Bonnie Tyler353Total Eclipse Of The Heart
5%
1,184,075,554DJ Snake Ft, Lil Jon278Turn Down For What
5%
1,007,370,346Rihanna Ft. Drake384What's My Name?
5%
1,702,481,4994 Non Blondes121What's Up
5%
1,017,581,707The Black Eyed Peas371Where Is The Love?
5%
969,939,279Sebastián Yatra Ft. Mau & Ricky412Ya No Tiene Novio
5%
1,036,760,782Calum Scott357You Are The Reason
5%
946,101,117Khalid435Young Dumb & Broke
5%
985,638,242Mike WILL Made-It Ft. Miley Cyrus, Juicy J40223
2%
1,508,139,650Coldplay167Adventure Of A Lifetime
2%
885,158,365Jennifer Lopez496Ain't Your Mama
2%
990,671,177The Verve396Bitter Sweet Symphony
2%
910,011,677Era Istrefi465Bonbon
2%
1,665,420,562BLACKPINK127BOOMBAYAH
2%
990,046,990JoJo Siwa398BOOMERANG
2%
1,808,539,186MC Fioti105Bum Bum Tam Tam
2%
933,503,079The Weeknd446Call Out My Name
2%
2,158,139,005BLACKPINK67DDU-DU DDU-DU
2%
1,084,359,221Indila326Derniere Danse
2%
1,091,849,158Bad Bunny Ft. Ozuna, Farruko323Diles
2%
1,406,809,125Nicky Jam Ft. Enrique Iglesias196El Perdón REMIX
2%
1,254,806,891BTS246Fake Love
2%
1,061,820,3766ix9ine Ft. Nicki Minaj & Murda Beatz338FEFE
2%
998,074,974Ariana Grande390Focus
2%
1,215,476,489Ricardo Arjona Ft. Gaby Moreno257Fuiste Tú
2%
1,297,747,126Cyndi Lauper234Girls Just Want To Have Fun
2%
923,493,596Travis Scott Ft. Kendrick Lamar451Goosebumps
2%
886,424,419Bobby Shmurda493Hot N*gga
2%
1,559,284,606BLACKPINK156How You Like That
2%
1,264,139,581BTS243Idol
2%
2,151,173,879Future Ft. Drake69Life Is Good
2%
1,546,056,522Ha-Ash158Lo Aprendí De Ti
2%
1,326,505,356Chris Brown Ft. Lil Wayne & Tyga224Loyal
2%
939,369,736Rihanna439Man Down
2%
887,267,992Piso 21 Ft. Maluma490Me llamas REMIX
2%
1,202,132,526Chino & Nacho Ft. Farruko263Me Voy Enamorando REMIX
2%
1,396,260,737BTS Ft. Steve Aoki201MIC Drop REMIX
2%
1,830,514,100Eminem101Not Afraid
2%
2,123,441,665Guns N' Roses73November Rain
2%
963,461,751Katy Perry416Part Of Me
2%
1,182,260,792David Guetta Ft. Ne-Yo & Akon279Play Hard
2%
909,241,685Adele468Send My Love
2%
1,016,227,797Ozuna375Síguelo Bailando
2%
1,076,225,923Maluma331Sin Contrato
2%
1,431,948,000Myke Towers & Farruko Ft. Arcángel, Zyon, Sech193Si Se Da REMIX
2%
1,523,061,787Tyga Ft. Offset164Taste
2%
910,872,934Billie Eilish462When The Party's Over
2%
1,016,860,114Katy Perry373Wide Awake
2%
1,591,827,259Renuka Panwar14552 Gaj Ka Daman
0%
1,227,278,844Neha Kakkar Ft. Mika Singh255Aankh Marey
0%
1,347,386,057BLACKPINK215As If It's Your Last
0%
1,251,836,962Migos Ft. Lil Uzi Vert247Bad & Boujee
0%
886,903,710Varun Ft. Alia & Tanishk491Badri Ki Dulhania
0%
960,637,753Rae Sremmurd Ft. Gucci Mane422Black Beatles
0%
961,816,878BTS419Blood Sweat & Tears
0%
1,037,502,961Zack Knight Ft. Jasmin Walia355Bom Diggy Diggy
0%
1,008,299,066Shaan Ft. Aamir Khan381Bum Bum Bole
0%
1,191,762,162Meet Bros Ft. Monali Thakur273Cham Cham
0%
1,036,344,765Renuka Panwar359Chatak Matak
0%
885,240,949Ruchika Jangid495COCO COLA
0%
1,075,985,421Kamal Kahlon & Param Singh332Daru Badnaam
0%
968,698,150La Adictiva413Después De Ti, ¿Quién?
0%
1,284,425,494Neha Kakkar Ft. Dhvani Bhanushali236Dilbar
0%
903,652,228Ozuna473Dile Que Tu Me Quieres
0%
1,024,172,370Willy William365Ego
0%
896,106,190BANDA MS480El Color De Tus Ojos
0%
896,788,792MTZ Manuel Turizo478Esperándote
0%
1,131,540,951B Praak305Filhall
0%
907,531,727Marc Anthony470Flor Pálida
0%
977,477,606Badshah Ft. Payal Dev406Genda Phool
0%
970,160,716Ritesh Pandey Ft. Sneh Updhayaya411Hello Koun
0%
1,200,697,569Guru Randhawa264High Rated Gabru
0%
1,003,035,391Ricardo Arjona388Historia De Taxi
0%
1,980,538,380Drake83Hotling Bling
0%
904,690,080Rod Stewart Ft. Amy Belle472I Don't Want To Talk About It
0%
918,667,578Pitbull Ft. Chris Brown455Internacional Love
0%
1,036,372,154Tommee Profitt358In The End REMIX
0%
904,697,641Arijit Ft. Amit471Jagga Jasoos
0%
890,217,882Amit Dolawat & Drisha More486Jaha Tum Rahoge
0%
959,139,026Prem Hardeep Ft. Badshah424Kala Chashma
0%
1,914,084,459BLACKPINK92Kill This Love
0%
935,742,549Romeo Santos Ft. Tomatito442La Diabla / Mi Santa
0%
1,078,847,682Guru Randhawa329Lahore
0%
942,734,347Zé Neto Ft. Cristiano438LARGADO AS TRAÇAS
0%
1,509,961,369Ammy Virk Ft. Neeru Bajwa166Laung Laachi
0%
1,663,480,351Jass Manak129Lehanga
0%
973,125,496Dhvani Bhanushali409Leja Re
0%
1,192,301,594Audioslave271Like A Stone
0%
1,102,166,823Saad Lamjarred318LM3ALLEM
0%
1,361,298,115Jubin Nautiyal210Lut Gaye
0%
1,307,357,449Neha Kakkar & Tony Kakkar230Mile Ho Tum
0%
1,243,637,433Los Ángeles Azules Ft. Ximena Sariñana250Mis Sentimientos
0%
961,976,538Evanescene417My Inmortal
0%
888,216,529Jassi Gill Ft. Neha Kakkar489Nikle Currant
0%
991,456,016Sebastián Yatra394No Hay Nadie Mas
0%
889,735,423Rae Sremmurd487No Type
0%
1,079,377,948Maroon 5328One More Night
0%
893,187,420Raymix482Oye Mujer
0%
1,027,179,614Ha-Ash363Perdón, Perdón
0%
946,498,445Arjun K & Shraddha K434Phir Bhi Tumko Chaahunga
0%
917,875,070Palak Muchhak Ft. Chorus456Prem Ratan Dhan Payo
0%
983,788,393Daddy Yankee403Que Tire Pa' Lante
0%
881,109,826Akon500Right Now
0%
1,007,702,887Ayo & Teo382Rolex
0%
1,528,584,720Dhanush Ft. Sai Pallavi163Rowdy Baby
0%
894,643,390Imran Khan481Satisfya
0%
3,623,583,441Gulshan Kumar14Shree Hanuman Chalisa
0%
1,169,077,657Akon Ft. Eminem287Smack That
0%
961,850,000Salman Khan Ft. Katrina Kaif418Swag Se Swagat
0%
912,114,583Ozuna460Te Vas
0%
964,204,233Disturbed415The Sound Of Silence
0%
1,140,120,422Alan Walker302The Spectre
0%
1,057,477,446Michael Jackson343They Don't Care About Us
0%
914,093,844Harrdy Sandhu Ft. Sargun Mehta458Titliaan
0%
1,016,980,200Roop Kumar Rathod372Tujh Mein Rab Dikhta Hai
0%
990,322,746Dread Mar I397Tu Sin Mi
0%
1,562,197,351Dhvani Ft. Bhanushali & Nikhil D'Souza155Vaaste
0%
925,744,669Imagine Dragons449Whatever It Takes
0%
987,369,863Eminem401When I'm Gone
0%
1,062,415,396Post Malone337White Inverson
0%
1,069,873,229Scorpions335Wind Of Change
0%
1,542,704,281Rahat Fateh Ali Khan160Zaroori Tha
0%

Distribución de puntuación

Porcentaje por número respondido

Porcentaje de gente con cada puntuación

Historial de tus puntuaciones

No has intentado esta prueba.